[Event "Hospitalet de Llobregat Ponce 3rd"]
[Site "Hospitalet de Llobregat"]
[Date "2017.04.22"]
[Round "3"]
[White "Layola Barrionuevo, Javier"]
[Black "Garcia Ruiz, Adrian"]
[Result "1-0"]
[WhiteElo "2012"]
[BlackElo "1916"]
[PlyCount "49"]
[EventDate "2017.04.01"]
[EventType "swiss"]
[EventRounds "9"]
[EventCountry "ESP"]
[SourceTitle "EXT 2018"]
[Source "ChessBase"]
[SourceDate "2017.10.13"]
[SourceVersion "1"]
[SourceVersionDate "2017.10.13"]
[SourceQuality "1"]

1. d4 Nf6 2. c4 g6 3. Nc3 Bg7 4. e4 d6 5. f3 0-0 6. Be3 Nbd7 7. Nge2 c6 8. Qd2 a6 9. g4 b5 10. Ng3 e5 11. d5 cxd5 12. cxd5 Bb7 13. h4 Re8 14. g5 Nh5 15. Nxh5 gxh5 16. Ne2 f5 17. exf5 Nb6 18. Bxb6 Qxb6 19. f6 Bf8 20. Bh3 Qc5 21. Be6+ Kh8 22. g6 hxg6 23. Rg1 Rxe6 24. dxe6 Bxf3 25. Rxg6 1-0

[Event "Cornella Pinol Memorial 2nd"]
[Site "Cornella de Llobregat"]
[Date "2014.10.20"]
[Round "4"]
[White "Garcia Riera, Josep"]
[Black "Layola Barrionuevo, Javier"]
[Result "0-1"]
[WhiteElo "2080"]
[BlackElo "2129"]
[PlyCount "58"]
[EventDate "2014.09.29"]
[EventType "swiss"]
[EventRounds "9"]
[EventCountry "ESP"]
[SourceTitle "EXT 2016"]
[Source "ChessBase"]
[SourceDate "2015.10.08"]
[SourceVersion "1"]
[SourceVersionDate "2015.10.08"]
[SourceQuality "1"]

1. d4 Nf6 2. c4 c5 3. d5 e5 4. Nc3 d6 5. e4 g6 6. Nf3 Bg7 7. Be2 0-0 8. 0-0 Ne8 9. Bg5 f6 10. Bc1 Nd7 11. Ne1 f5 12. exf5 gxf5 13. f4 e4 14. Be3 Ndf6 15. h3 Kh8 16. g4 fxg4 17. hxg4 Nxg4 18. Bxg4 Bxg4 19. Qxg4 Bxc3 20. Ng2 Bg7 21. Rf2 Nf6 22. Qh3 Qe8 23. Nh4 Qh5 24. Rg2 Rg8 25. Rg5 Bh6 26. Rxg8+ Rxg8+ 27. Kf2 Ng4+ 28. Ke2 Ne5+ 29. Kf2 Nd3+ 0-1

[Event "Barcelona Tupinamba op 8th"]
[Site "Barcelona"]
[Date "2013.04.17"]
[Round "5"]
[White "Garcia Marin, Guillem"]
[Black "Layola Barrionuevo, Javier"]
[Result "1/2-1/2"]
[WhiteElo "2105"]
[BlackElo "2039"]
[PlyCount "104"]
[EventDate "2013.03.13"]
[EventType "swiss"]
[EventRounds "9"]
[EventCountry "ESP"]
[SourceTitle "EXT 2014"]
[Source "ChessBase"]
[SourceDate "2013.11.20"]
[SourceVersion "1"]
[SourceVersionDate "2013.11.20"]
[SourceQuality "1"]

1. d4 Nf6 2. Bg5 b6 3. Bxf6 gxf6 4. Nf3 Bb7 5. g3 Bg7 6. Bg2 e6 7. c4 0-0 8. Nc3 f5 9. 0-0 d6 10. Qc2 Nc6 11. Rfd1 Ne7 12. Rac1 Ng6 13. e3 Qe7 14. Rd2 Kh8 15. Rcd1 Rg8 16. Ne2 Be4 17. Qb3 h5 18. Nf4 Nxf4 19. exf4 Bf6 20. Qe3 Rg7 21. h4 Rag8 22. Ng5 Bxg2 23. Kxg2 Bxg5 24. fxg5 Kh7 25. Re2 Kg6 26. f4 Qd7 27. b3 Re8 28. Qf3 Rgg8 29. Rde1 Re7 30. Kh2 Rge8 31. Qc3 d5 32. c5 b5 33. c6 Qd6 34. Rc2 Ra8 35. Qc5 Qxc5 36. Rxc5 Ree8 37. Rxb5 Reb8 38. Rc5 Rb4 39. Rd1 a5 40. Rd3 a4 41. Kg2 axb3 42. axb3 Ra3 43. Rcc3 Ra6 44. Rc2 Ra3 45. Rcc3 Ra6 46. Kf3 Rbb6 47. Ke3 Rxc6 48. Rxc6 Rxc6 49. b4 Rc2 50. Rb3 Rg2 51. Kf3 Rd2 52. Ke3 Rg2 1/2-1/2

[Event "Barcelona Tres Peons op-A 15th"]
[Site "Barcelona"]
[Date "2013.02.01"]
[Round "4"]
[White "Layola Barrionuevo, Javier"]
[Black "Barragan Hernandez, Manel"]
[Result "1-0"]
[WhiteElo "2039"]
[BlackElo "1862"]
[PlyCount "77"]
[EventDate "2013.01.11"]
[EventType "swiss"]
[EventRounds "9"]
[EventCountry "ESP"]
[SourceTitle "EXT 2014"]
[Source "ChessBase"]
[SourceDate "2013.11.20"]
[SourceVersion "1"]
[SourceVersionDate "2013.11.20"]
[SourceQuality "1"]

1. e4 e5 2. Nf3 Nc6 3. d4 exd4 4. c3 d5 5. exd5 Qxd5 6. cxd4 Bg4 7. Nc3 Bb4 8. a3 Bxf3 9. axb4 Qe6+ 10. Ne2 Bd5 11. Ra3 Nge7 12. b5 Nd8 13. Be3 Ng6 14. Nc3 0-0 15. Nxd5 Qxd5 16. h4 Ne6 17. Qb3 Qd6 18. h5 Ngf4 19. g3 Nd5 20. Rh4 Rfe8 21. Qc4 Ng5 22. Kd1 Nxe3+ 23. fxe3 Qxg3 24. d5 Rxe3 25. Rxe3 Qxe3 26. Qd3 Re8 27. Qxe3 Rxe3 28. Rc4 Re7 29. d6 Rd7 30. Rxc7 Rxd6+ 31. Kc1 f5 32. Rxb7 f4 33. Rxa7 Ne6 34. Ra6 Rxa6 35. bxa6 Nc7 36. b4 g5 37. hxg6 hxg6 38. b5 g5 39. b6 1-0

[Event "Barcelona Sant Marti op-A 14th"]
[Site "Barcelona"]
[Date "2012.07.18"]
[Round "6"]
[White "Garcia Acosta, Roger"]
[Black "Layola Barrionuevo, Javier"]
[Result "1-0"]
[WhiteElo "1894"]
[BlackElo "2061"]
[PlyCount "41"]
[EventDate "2012.07.13"]
[EventType "swiss"]
[EventRounds "9"]
[EventCountry "ESP"]
[SourceTitle "CBM 149 Extra"]
[Source "ChessBase"]
[SourceDate "2012.08.24"]
[SourceVersion "1"]
[SourceVersionDate "2012.08.24"]
[SourceQuality "1"]

1. e4 c5 2. Nf3 a6 3. c4 Nc6 4. d4 cxd4 5. Nxd4 g6 6. Nc3 e5 7. Nf3 Bb4 8. Bd3 d6 9. 0-0 Bxc3 10. bxc3 Nf6 11. Ne1 Nd7 12. Nc2 Nc5 13. Ne3 Be6 14. Bc2 Qd7 15. Nd5 Bxd5 16. cxd5 Ne7 17. f4 f6 18. Rb1 exf4 19. Bxf4 0-0 20. Qd4 Kg7 21. Rb6 1-0

[Event "Barcelona Sant Marti op-A 14th"]
[Site "Barcelona"]
[Date "2012.07.17"]
[Round "5"]
[White "Layola Barrionuevo, Javier"]
[Black "Hernandez Moya, Yuleisis"]
[Result "0-1"]
[WhiteElo "2061"]
[BlackElo "2177"]
[PlyCount "84"]
[EventDate "2012.07.13"]
[EventType "swiss"]
[EventRounds "9"]
[EventCountry "ESP"]
[SourceTitle "CBM 149 Extra"]
[Source "ChessBase"]
[SourceDate "2012.08.24"]
[SourceVersion "1"]
[SourceVersionDate "2012.08.24"]
[SourceQuality "1"]

1. e4 c5 2. Nf3 e6 3. d4 cxd4 4. Nxd4 Nc6 5. Nb5 d6 6. Bf4 e5 7. Be3 Nf6 8. N1c3 a6 9. Na3 b5 10. Nd5 Rb8 11. f3 Nxd5 12. exd5 Ne7 13. c4 b4 14. Nc2 Nf5 15. Bf2 Be7 16. Bd3 0-0 17. a3 a5 18. axb4 axb4 19. 0-0 Bd7 20. b3 Nh4 21. Qe2 f5 22. Ra6 Ng6 23. g3 Qc8 24. Rfa1 e4 25. fxe4 f4 26. Nd4 Bg4 27. Qc2 fxg3 28. hxg3 Ne5 29. Be2 Qe8 30. Nc6 Nf3+ 31. Bxf3 Bxf3 32. Nxe7+ Qxe7 33. Qb2 Qg5 34. Be1 Bxe4 35. Qd4 Qg4 36. Ra7 Rf6 37. Rxg7+ Kxg7 38. Qa7+ Rf7 39. Qd4+ Kg6 40. Ra6 Qf3 41. Rxd6+ Kh5 42. Rh6+ Kxh6 0-1

[Event "Barcelona Sant Marti op-A 14th"]
[Site "Barcelona"]
[Date "2012.07.16"]
[Round "4"]
[White "Isgenderova, Hayale"]
[Black "Layola Barrionuevo, Javier"]
[Result "1-0"]
[WhiteElo "2206"]
[BlackElo "2061"]
[PlyCount "33"]
[EventDate "2012.07.13"]
[EventType "swiss"]
[EventRounds "9"]
[EventCountry "ESP"]
[SourceTitle "CBM 149 Extra"]
[Source "ChessBase"]
[SourceDate "2012.08.24"]
[SourceVersion "1"]
[SourceVersionDate "2012.08.24"]
[SourceQuality "1"]

1. e4 e5 2. Nf3 Nc6 3. Bc4 Nf6 4. d3 Be7 5. c3 d6 6. Nbd2 0-0 7. Bb3 h6 8. Nf1 Nh7 9. Ng3 Kh8 10. Qe2 Ng5 11. h4 Nxf3+ 12. Qxf3 Be6 13. Nf5 Bf6 14. Qh5 Bxf5 15. exf5 Qd7 16. Bxh6 e4 17. Bg5+ 1-0

[Event "Barcelona Sant Marti op-A 14th"]
[Site "Barcelona"]
[Date "2012.07.15"]
[Round "3"]
[White "Layola Barrionuevo, Javier"]
[Black "Napoli, Nicolo"]
[Result "0-1"]
[WhiteElo "2061"]
[BlackElo "2298"]
[PlyCount "116"]
[EventDate "2012.07.13"]
[EventType "swiss"]
[EventRounds "9"]
[EventCountry "ESP"]
[SourceTitle "CBM 149 Extra"]
[Source "ChessBase"]
[SourceDate "2012.08.24"]
[SourceVersion "1"]
[SourceVersionDate "2012.08.24"]
[SourceQuality "1"]

1. e4 c6 2. d4 d5 3. e5 c5 4. dxc5 e6 5. Be3 Qc7 6. Nf3 Bd7 7. c3 Nh6 8. Bd3 Bxc5 9. Bxc5 Qxc5 10. 0-0 Bb5 11. Na3 Bxd3 12. Qxd3 Nc6 13. Nb5 0-0 14. Nbd4 Qe7 15. Rae1 Rac8 16. h3 a6 17. Nxc6 Rxc6 18. Nd4 Rc4 19. Re3 b5 20. a3 Rb8 21. g4 Kh8 22. f4 a5 23. f5 b4 24. axb4 axb4 25. f6 gxf6 26. Rxf6 Ng8 27. Rf1 bxc3 28. bxc3 Rbc8 29. Ref3 Qh4 30. Nb5 Nh6 31. Nd6 Rg8 32. Nxc4 Nxg4 33. Rg3 dxc4 34. Qf3 Qxg3+ 35. Qxg3 Nxe5 36. Qxg8+ Kxg8 37. Kf2 Kg7 38. Ke3 f5 39. Kd4 Kf6 40. Ra1 h5 41. Ra8 Ng6 42. Kxc4 f4 43. Kd3 Kf5 44. Ra5+ e5 45. c4 Ne7 46. c5 e4+ 47. Kc4 Nc6 48. Ra8 e3 49. Kd3 Ke5 50. Rh8 Nb4+ 51. Ke2 Nc2 52. Kd1 f3 53. Rf8 e2+ 54. Kxc2 f2 55. Rxf2 e1Q 56. Rd2 Qe4+ 57. Kd1 Qb1+ 58. Ke2 Qb5+ 0-1

[Event "Barcelona Pujol Memorial 3rd"]
[Site "Barcelona"]
[Date "2011.11.02"]
[Round "5"]
[White "Layola Barrionuevo, Javier"]
[Black "Meza Martinez, Alcides Ivan"]
[Result "0-1"]
[WhiteElo "2061"]
[BlackElo "2154"]
[PlyCount "66"]
[EventDate "2011.09.28"]
[EventType "swiss"]
[EventRounds "9"]
[EventCountry "ESP"]
[SourceTitle "EXT 2013"]
[Source "ChessBase"]
[SourceDate "2012.11.22"]
[SourceVersion "1"]
[SourceVersionDate "2012.11.22"]
[SourceQuality "1"]

1. d4 e6 2. c4 f5 3. g3 Nf6 4. Bg2 d5 5. Nf3 c6 6. 0-0 Bd6 7. b3 Qe7 8. Bb2 0-0 9. Nbd2 b6 10. Rc1 Bb7 11. Ne5 a5 12. f3 c5 13. Qc2 Nbd7 14. Nxd7 Qxd7 15. e4 dxe4 16. fxe4 cxd4 17. Bxd4 Bb4 18. Bxf6 Bxd2 19. Rcd1 Be3+ 20. Kh1 Qc7 21. Qc3 Bc5 22. Be5 Qe7 23. exf5 Bxg2+ 24. Kxg2 exf5 25. Rd5 a4 26. Rfd1 Rfe8 27. Qf3 axb3 28. Qxb3 Ra3 29. Qc2 Re3 30. Qxf5 Rxe5 31. Rxe5 Qxe5 32. Qd7 Qe4+ 33. Kh3 Qe6+ 0-1

[Event "Barcelona Pujol Memorial 3rd"]
[Site "Barcelona"]
[Date "2011.10.19"]
[Round "3"]
[White "Layola Barrionuevo, Javier"]
[Black "Barbero Sendic, Alejandro"]
[Result "0-1"]
[WhiteElo "2061"]
[BlackElo "2263"]
[PlyCount "58"]
[EventDate "2011.09.28"]
[EventType "swiss"]
[EventRounds "9"]
[EventCountry "ESP"]
[SourceTitle "EXT 2013"]
[Source "ChessBase"]
[SourceDate "2012.11.22"]
[SourceVersion "1"]
[SourceVersionDate "2012.11.22"]
[SourceQuality "1"]

1. c4 Nf6 2. Nc3 g6 3. d4 Bg7 4. e4 0-0 5. f4 d6 6. Nf3 c5 7. d5 e6 8. Be2 exd5 9. exd5 Re8 10. 0-0 a6 11. Rb1 Bf5 12. Bd3 Bxd3 13. Qxd3 Nbd7 14. f5 Ng4 15. fxg6 hxg6 16. Bg5 Nde5 17. Nxe5 Qxg5 18. Nxg4 Qxg4 19. Rf3 Bd4+ 20. Kh1 Re7 21. Ne2 Be5 22. Rbf1 Rae8 23. Ng3 Kg7 24. a3 b5 25. b3 bxc4 26. bxc4 Rh8 27. Qb3 Rh4 28. Rc1 Qg5 29. Qd1 Bxg3 0-1